Bridging peripheral nerve gap with autogenous vein graft (Record no. 864330)

MARC details
000 -LEADER
fixed length control field 00991nam a2200289Ia 4500
003 - CONTROL NUMBER IDENTIFIER
control field OSt
005 - DATE AND TIME OF LATEST TRANSACTION
control field 20220930072810.0
008 - FIXED-LENGTH DATA ELEMENTS--GENERAL INFORMATION
fixed length control field 220926b |||||||| |||| 00| 0 eng d
037 ## - SOURCE OF ACQUISITION
Terms of availability Theses
040 ## - CATALOGING SOURCE
Original cataloging agency CRL
Transcribing agency CRL
Language of cataloging eng
041 ## - LANGUAGE CODE
Source of code eng
Language code of text/sound track or separate title eng
100 ## - MAIN ENTRY--PERSONAL NAME
Personal name Jindal Mohit
9 (RLIN) 530457
110 ## - MAIN ENTRY--CORPORATE NAME
Corporate name or jurisdiction name as entry element University of Delhi. Faculty of Medical Sciences. Department of Orthopaedics
9 (RLIN) 519703
245 #0 - TITLE STATEMENT
Title Bridging peripheral nerve gap with autogenous vein graft
Remainder of title An experimental study
260 ## - PUBLICATION, DISTRIBUTION, ETC.
Date of publication, distribution, etc. 1998
300 ## - PHYSICAL DESCRIPTION
Extent 84p.
-- p.
Dimensions cm.
650 ## - SUBJECT ADDED ENTRY--TOPICAL TERM
Topical term or geographic name entry element MEDICINE
650 ## - SUBJECT ADDED ENTRY--TOPICAL TERM
Topical term or geographic name entry element ORTHOPEDICS
9 (RLIN) 519704
700 ## - ADDED ENTRY--PERSONAL NAME
Personal name Dr Anil Kumar Dhal Supervisor
9 (RLIN) 530178
700 ## - ADDED ENTRY--PERSONAL NAME
Personal name Dr Medha Tatke Co-Supervisor
9 (RLIN) 530458
700 ## - ADDED ENTRY--PERSONAL NAME
Personal name University of Delhi. Faculty of Medical Sciences. Department of Orthopaedics
9 (RLIN) 519706
942 ## - ADDED ENTRY ELEMENTS (KOHA)
Koha item type Dissertations
Source of classification or shelving scheme Colon Classification (CC)
Holdings
Withdrawn status Lost status Damaged status Not for loan Home library Current library Date acquired Total Checkouts Barcode Date last seen Price effective from Koha item type
        Central Library Central Library 2022-09-30   Th0010953 2022-09-30 2022-09-30 Thesis
Copyright @ Delhi University Library System